Quizzes
Events
Quiz Creation
Community
Videos
Private Events
Remove Ads
Sign In
Join for FREE
Feedback
Dark Mode
Quiz Categories
Sports
Geography
Music
Movies
Television
Just For Fun
Miscellaneous
History
Literature
Language
Science
Gaming
Entertainment
Religion
Holiday
For Kids
Quiz Lab
Recent
Popular Today
Quiz Kudos Today
Editor Picks
Curator Picks
Quizzes by...
Day
Popularity
Type
Ratings
Length
Year
Community
Subscriptions
Recent Discussions
Orange Saloon
Badges
Playlists
Quests
Create
Leaderboards
Showdown
Live 5
Trivia Bingo
Activity
Puzzle Library
Sporcle Events
Private Events
Virtual Trivia
Globe League
Become a Host
Pub Owners
SporcleCon
Opinionation
Our Games
Videos
Blog
Mobile Apps
Partnerships
Remove Ads and Go Orange
Feedback
Music
Pop Music
The Beatles
Song
Album
Lyrics
Bands
Singers
Artist
Clip
Rock
Rap
Classical
Billboard
Country Music
Kpop
Taylor Swift
Music
Pop Music
The Beatles
Song
Album
Lyrics
Bands
Singers
Artist
Clip
Rock
Rap
Classical
Billboard
Country Music
Kpop
Taylor Swift
Random Quiz
Search Sporcle
×
Quiz Lab
Quiz Lab
Music
Song
Type in answers that appear in a list
Type in answers that appear in a list
Classic
Best Score? Go Orange.
British Musicians Stats
Can you name the current British musicians/bands from three of their songs?
By
tyleed
4m
18 Questions
900 Plays
900 Plays
900 Plays
Comments
Comments
Give Quiz Kudos
Give Quiz Kudos
-
- Ratings
hide this ad
Replay
Link that replays current quiz
Next Quiz
Link to next quiz in quiz playlist
You Got
0%
They Got
Avg Score
53%
Avg Friend Score
Upgrade to see
Score Distribution
Jump to the score distribution portion of the page
Score
0/18
Timer
04:00
0
Plays Today
Notable Songs
Musician
% Correct
I Predict a Riot, Everyday I Love You Less and Less, Oh My God
Kaiser Chiefs
78.3%
We Are Golden, Grace Kelly, Love Today
MIKA
77.6%
Patience, Shine, Rule the World
Take That
75.6%
The Promise, Call the Shots, Sound of the Underground
Girls Aloud
73.2%
Dance Wiv Me, Bonkers, Holiday
Dizzee Rascal
66.5%
That's Not My Name, Shut Up and Let Me Go, Be the One
Ting Tings
63.7%
In for the Kill, Bulletproof, I'm Not Your Toy
La Roux
62%
Get Sexy, Push the Button, In the Middle
Sugababes
60.9%
She's So Lovely, Heartbeat, Elvis Ain't Dead
Scouting for Girls
58.1%
Notable Songs
Musician
% Correct
Breathe Slow, The Boy Does Nothing, Let's Get Excited
Alesha Dixon
51%
Let's Dance to Joy Division, Moving to New York, Backfire At the Disco
The Wombats
45.4%
Up, Issues, Just Can't Get Enough
The Saturdays
44.5%
I'm Not Alone, Ready for the Weekend, The Girls
Calvin Harris
43.5%
Grounds for Divorce, One Day Like This, Mirrorball
Elbow
43%
The Day I Died, Starz in Their Eyes, Embers
Just Jack
35.6%
Break Your Heart, Come On Girl, She's Like a Star
Taio Cruz
30.1%
Number 1, Never Leave You, Take Me Back
Tinchy Stryder
29.8%
Remedy, Stuck on Repeat, New In Town
Little Boots
27.5%
Quiz Playlist
Details
Report
Send in Message
Add To Playlist
Classic:
Type in answers that appear in a list
Last Updated: Feb 16, 2017
Quiz Scoreboard
CHALLENGE
Sign Up to Join the Scoreboard
Show All
Scores
Hide
Comments
May contain spoilers
Recently Published
Click the 1999 NBA Draft
by nibperrychub
Sports
2m
Alphabetical 'K' Countries by Flag Minefield
by ylime102
Geography
3m
Pick 6: Fruits
by JohnFran
Miscellaneous
15s
More to Explore
Quiz From the Vault
Featured Blog Post
15 Basketball Trivia Facts You Can Be March Mad About
hide this ad
You Might Also Like...
Tags
Bands Quiz
Song Quiz
British
Musician
Notable
three
Today's Top Quizzes in Music
Browse Music
hide this ad
Today's Top Quizzes in Song
Browse Song
Top Contributed Quizzes in Music
1
Taylor Swift All Songs (2024)
2
KPOP LOGIC QUIZ
3
A Taylor Swift Logic Puzzle
4
K-Pop Murder Mystery Logic Quiz
5
Taylor Swift Logic Puzzle
6
Guess the Taylor Swift song (Mystery Song)
7
Guess The Taylor Swift Lyrics Song #1
8
NCT 2020 Logic Puzzle
9
Joni Mitchell—'Car on a Hill' Lyrics
10
kpop group name match up
Explore More
Trending Topics
Marvel
Disney
Kpop
NBA
Crossword
Harry Potter
Anime
NFL
Country
Pokémon
The Office
Puzzle
Soccer
WWE
Song
hide this ad
More By:
tyleed
Quiz
Plays
Rating
Category
Featured
Created
Name That Player
10,931
2.54
Sports
Oct 1, 2009
Manchester Utd's Greatest
6,514
4.20
Sports
Sep 30, 2009
Soccer's Greatest
3,361
3.13
Sports
Mar 2, 2010
Who Won That?
2,337
3.50
Sports
Nov 1, 2009
Manchester United
2,034
3.00
Sports
Jan 10, 2010
Go to Creator's Profile
Score Distribution
Quiz Creator Spotlight
tyleed
Follow
Send a Message
Quizzes Created
-
Created Quiz Play Count
-
More By This Creator
Popular Quizzes Today
1
Find the US States - No Outlines Minefield
2
Countries of Asia Without Outlines Minefield
3
Pick 6: Fruits
4
Alphabetical 'K' Countries by Flag Minefield
5
The Countries of the World
6
Find the US States
7
Match the Book to the Film X
8
Click the 1999 NBA Draft
More Music Quizzes
Quadruple Quartets: Bands
Published
Trending Quizzes
Pick 6: Harry Potter
Pick 6: Mountains
Pick 6: NFL Teams
Pick 6: Movie Franchises
Pick 6: Golfers
Recently Updated
Women's Final Four Teams by Year
bhenderson79
Presidents Quartet II
eogle
Anything But Clue(do)
eogle
Anything But Oceanian Capitals
eogle
Anything But 7
eogle
Anything But Thing
eogle
Word Ladder: February 29
pecheneg
Song Title Questions
pecheneg
Women's NCAA Tournament #1 Seeds
pecheneg
Celebrity Mug Shots
pecheneg
Trending Topics
Anime
Crossword
Marvel
Harry Potter
NBA
Kpop
Disney
Song
The Office
Pokémon
NFL
Country
Puzzle
WWE
Soccer
Your Account Isn't Verified!
In order to create a playlist on Sporcle, you need to verify the email address you used during registration. Go to your
Sporcle Settings
to finish the process.
Report this User
Report this user for behavior that violates our
Community Guidelines
.
Details:
Send Report
Go to the Sporcle.com Mobile Site →
Comments